000 01410nam a2200229 a 4500
005 20151001020002.0
008 131205b2004 ck ||||| |||| 00| 0 spa d
041 _aspa
044 _ack
090 _aIAVH
_b00329
100 1 _aAriza Vargas, Luz Aida
_92300
245 1 0 _aCatálogo de especies tintoreas del bosque altoandino :
_bla naturaleza se viste de color
_cLuz Aida Ariza Vargas
260 _aBogotá
_bInstituto de Investigación de Recursos Biológicos Alexander von Humboldt
_bAsociación de Veredas de La Calera
_c2004
300 _a72 p.
_bil.
_c28 cm.
520 _aLa Asociación de Veredas de la Calera, agremiación campesina, trabaja en producción artesanal de artículos elaborados en lana virgen y tinturados con especies vegetales presentes en la región, utilizando únicamente las hojas, con el fin de no dañar el resto de la planta. Se adelantan ensayos con especies con potencial tintóreo en otras partes de las plantas, como corteza, flores, frutos y ramas. El catálogo presenta los resultados de una investigación sobre especies del bosque altoandino, con características tintóreas y utilizadas por las mujeres campesinas socias de la AVC
650 6 _aEspecies tintóreas
_93282
650 4 _aProceso de tinturado
_93283
650 4 _aÍndice de especies
_xCaracterísticas
_926489
700 1 _aLosada-Campos, Diego
_93286
942 _cINFORME
_2z
_03
945 _d2005-05-25
999 _c4526
_d4526